Principles of real analysis / (Record no. 145431)

MARC details
000 -LEADER
fixed length control field 00737nam a22001937a 4500
005 - DATE AND TIME OF LATEST TRANSACTION
control field 20180524124058.0
010 ## - LCCN (DPL NO)
LC control number 1718EN-30 B-682172-178
020 ## - INTERNATIONAL STANDARD BOOK NUMBER
International Standard Book Number 9789385923852
Terms of availability 299.00
035 ## - SYSTEM CONTROL NUMBER
System control number B-682172-178
037 ## - SOURCE OF ACQUISITION
Source of stock number/acquisition Pragati Publications
Stock number dpl
100 ## - MAIN ENTRY--PERSONAL NAME
Personal name Malik, S C
245 ## - TITLE STATEMENT
Title Principles of real analysis /
Statement of responsibility, etc by S C Mlik
260 ## - PUBLICATION, DISTRIBUTION, ETC. (IMPRINT)
Place of publication, distribution, etc New Delhi
Name of publisher, distributor, etc New Age International
Date of publication, distribution, etc 2017
270 ## - ADDRESS
Address 7/30 A, Darya Ganj,
City New Delhi
Postal code 110002
300 v# - PHYSICAL DESCRIPTION
Extent xii,375p.
Dimensions 23cm(pbk)
500 ## - GENERAL NOTE
General note Includes index
942 ## - ADDED ENTRY ELEMENTS (KOHA)
Source of classification or shelving scheme Dewey Decimal Classification
Item type English Books
Call number suffix MAL
Classification part 524
Holdings
Withdrawn status Lost status Not for loan Collection code Home library Current library Date acquired Source of acquisition Cost, normal purchase price Full call number Barcode Copy number Cost, replacement price Koha item type
      Non-fiction Ashok Vihar Ashok Vihar 15/05/2018 Pragati/142/27.11.2017/672/20.11.2017/28.11.2017 150.00 524 MAL B-682173 1 150.00 English Books
      Non-fiction Bawana Bawana 20/07/2022 DBAD/PUB 299.00 524 MAL EN-117204 1 299.00 English Books
      Non-fiction Central Library Central Library 15/05/2018 Pragati/142/27.11.2017/672/20.11.2017/28.11.2017 150.00 524 MAL B-682172 1 150.00 English Books
      Non-fiction Janak Puri Janak Puri 15/05/2018 Pragati/142/27.11.2017/672/20.11.2017/28.11.2017 150.00 524 MAL B-682175 1 150.00 English Books
      Non-fiction Narela Narela 15/05/2018 Pragati/142/27.11.2017/672/20.11.2017/28.11.2017 150.00 524 MAL B-682177 1 150.00 English Books
      Non-fiction Patel Nagar Patel Nagar 15/05/2018 Pragati/142/27.11.2017/672/20.11.2017/28.11.2017 150.00 524 MAL B-682174 1 150.00 English Books
      Non-fiction Sarojini Nagar Sarojini Nagar 15/05/2018 Pragati/142/27.11.2017/672/20.11.2017/28.11.2017 150.00 524 MAL B-682176 1 150.00 English Books
      Non-fiction Shahdara Branch Shahdara Branch 15/05/2018 Pragati/142/27.11.2017/672/20.11.2017/28.11.2017 150.00 524 MAL B-682178 1 150.00 English Books

© Delhi Public Library
Hit Counter
free hit counter